00676nam a2200241 a 4500001001300000003000900013005001700022008004100039020001000080082001300090100002200103245002300125260003800148300000900186500003500195505001300230650002600243700002200269902000800291942000700299952011300306999001500419nice12345678IN_TiNIC20260116011403.0050524s1959 lona grp 000 0 eng  ac10000a231bSAY aSayers, Dorothy L aMind of the Maker. aLondonbMethuen and Companyc1959 a186p aincludes index and biblioraphy2 aAppendix aGod-Biblical Teaching1 aSayers, Dorothy L bSRS cBK 001040708StackRoom-aHMIbHMId2007-06-14g100.00l0o231 SAYp02545r2007-06-14v100.00w2005-05-24yBK c1081d1081